Générique Craig de la crique - Paroles - Statistiques

Statistiques générales
  • Ce quiz a été pris 5 fois
  • Le résultat moyen est 8 sur 10
Statistiques - réponses
Paroles % Correct
C'est {Craig} de la crique
100%
C'est {Craig} de la crique
100%
C'est {Craig} de la crique
100%
Et tes {amis} sont avec toi
100%
On peut toujours {compter} sur lui
100%
On peut toujours {compter} sur lui
100%
Quand les {aventures} t'appellent ?
60%
Qui sera là et te laisse jamais {tomber}
60%
Qui on appelle quand le {danger} se ramène ?
40%
Et quand il y a des {mystères} à l'appel ?
20%
Aucun quiz correspondant
Distribution des résultats
% des personnes avec chaque résultat
Percentile par nombre de réponses
Votre historique - résultats
Vous n’avez pas pris ce quiz